000 00236nam a22000977a 4500
999 _c521409
_d521409
082 _aTNC Q31 Az37
100 _aAziz, Abdul
_935213
245 _aUrban Poor and Urban Informal Sector
260 _aNew delhi
_bAshish
_c1984
300 _a143p.